| 000 | 01034nam a22002655a 4500 | ||
|---|---|---|---|
| 003 | OSt | ||
| 005 | 20161124104034.0 | ||
| 008 | 161124s2013 ua frb 000 0 ara d | ||
| 015 | _a2013/5059 | ||
| 020 | _a9789770472408 | ||
| 040 |
_aEG-ScBUE _bara _cEG-ScBUE |
||
| 043 | _af-ua--- | ||
| 082 | 0 | 4 |
_a347.6206 _bت ر س _222 |
| 100 | 1 | _aترساوي، محمد عصام. | |
| 245 | 1 | 0 |
_aتداول الدعوى القضائية أمام المحاكم الإلكترونية / _cإعداد محمد عصام الترساوي. |
| 260 |
_aالقاهرة : _bدار النهضة العربية، _c2013. |
||
| 300 |
_a194 ص. ؛ _c24 سم. |
||
| 504 | _aيشتمل على إرجاعات ببليوجرافية. | ||
| 650 | 7 |
_aالتداعي أمام المحاكم _xمعالجة بيانات _zمصر. _2BUEsh |
|
| 650 | 7 |
_aالدعوى المدنية _xقوانين وتشريعات _zمصر. _2BUEsh |
|
| 650 | 7 |
_aالمحاكم الإلكترونية. _2BUEsh |
|
| 651 | _2BUEsh | ||
| 653 |
_bLLAAWW _cNovember2016 |
||
| 942 | _2ddc | ||
| 999 |
_c23311 _d23283 |
||